| 000 | 00527nam a22001937a 4500 | ||
|---|---|---|---|
| 999 |
_c16726 _d16726 |
||
| 003 | OSt | ||
| 005 | 20180320111747.0 | ||
| 008 | 180320b xxu||||| |||| 00| 0 eng d | ||
| 020 | _a9781408093788 | ||
| 040 | _cKABU | ||
| 050 |
_aBF 637 _b.E33 2014 C.1 |
||
| 100 | _aEgan, Gerald | ||
| 245 |
_aThe Skilled Helper _bA client - centred approach _cGerald Egan |
||
| 260 |
_aAustralia _bCengage Learning _c2014 |
||
| 300 | _axv, 425p. | ||
| 650 | _aCounselling phychology | ||
| 650 | _aHelping behavior | ||
| 942 |
_2lcc _cBK |
||